Normal view MARC view

Entry Topical Term

Number of records used in: 1

001 - CONTROL NUMBER

  • control field: 248913

003 - CONTROL NUMBER IDENTIFIER

  • control field: OSt

005 - DATE AND TIME OF LATEST TRANSACTION

  • control field: 20251211164703.0

008 - FIXED-LENGTH DATA ELEMENTS

  • fixed length control field: 251211|| aca||aabn | a|a d

040 ## - CATALOGING SOURCE

  • Original cataloging agency: OSt
  • Transcribing agency: OSt

150 ## - HEADING--TOPICAL TERM

  • Topical term or geographic name entry element: Kannada Poetry

670 ## - SOURCE DATA FOUND

  • Source citation: Work cat.: (OSt)180125: PARAMESHVARA BHATTA (S V) ಎಸ್ ವಿ ಪರಮೇಶ್ವರ ಭಟ್ಟ 248912, Indrachapa., 1983